MDQL
is popping MORE tags! Check the
thread
!
Quizzes
Events
Quiz Creation
Community
Videos
Private Events
Remove Ads
Sign In
Join for FREE
Feedback
Dark Mode
Quiz Categories
Sports
Geography
Music
Movies
Television
Just For Fun
Miscellaneous
History
Literature
Language
Science
Gaming
Entertainment
Religion
Holiday
For Kids
Quiz Lab
Recent
Popular Today
Quiz Kudos Today
Editor Picks
Curator Picks
Quizzes by...
Day
Popularity
Type
Ratings
Length
Year
Community
Subscriptions
Recent Discussions
Orange Saloon
Badges
Playlists
Quests
Create
Leaderboards
Showdown
Live 5
Trivia Bingo
Activity
Puzzle Library
Sporcle Events
Private Events
Virtual Trivia
Globe League
Become a Host
Pub Owners
SporcleCon
Opinionation
Our Games
Videos
Blog
Mobile Apps
Partnerships
Remove Ads and Go Orange
Feedback
Entertainment
Celebrity
Famous
Musical
Broadway
Show
Quote
Comic Books
Anime
Superhero
DC Comics
Marvel
Cartoons
Animation
Entertainment
Celebrity
Famous
Musical
Broadway
Show
Quote
Comic Books
Anime
Superhero
DC Comics
Marvel
Cartoons
Animation
Random Quiz
Search Sporcle
×
Quiz Lab
Quiz Lab
Entertainment
Ferb
Type in answers that appear in a list
Type in answers that appear in a list
Classic
Best Score? Go Orange.
Phineas and Ferb Episodes Stats
Can you name the Phineas and Ferb Episodes?
By
GoMarquette
20m
169 Questions
323 Plays
323 Plays
323 Plays
Comments
Comments
Give Quiz Kudos
Give Quiz Kudos
-
- Ratings
hide this ad
Replay
Link that replays current quiz
Next Quiz
Link to next quiz in quiz playlist
You Got
0%
They Got
Avg Score
61%
Avg Friend Score
Upgrade to see
Score Distribution
Jump to the score distribution portion of the page
Score
0/169
Timer
20:00
0
Plays Today
Episode #
Name
% Correct
1
Rollercoaster
96%
2
Lawn Gnome Beach Party Of Terror
81.7%
3
Flop Starz
80.8%
7
Candace Loses Her Head
80.2%
4
The Fast And The Phineas
78.3%
11
Swinter
77.7%
110
Rollercoaster: The Musical!
77.1%
6
Raging Bully
75.2%
45
Phineas And Ferb Get Busted!
74.9%
5
Lights, Candace, Action!
74%
101
Phineas And Ferb Summer Belongs To You!
74%
19
Mom's Birthday
73.7%
14
Ready For The Bettys
73.1%
46
Unfair Science Fair
73.1%
8
I, Brobot
71.8%
21
It's About Time!
71.8%
25
Greece Lightning
71.8%
43
Hail Doofania!
71.8%
15
I Scream, You Scream
71.2%
18
It's A Mud, Mud, Mud, Mud World
70.9%
20
Journey To The Center Of Candace
70.9%
10
The Magnificent Few
70.3%
17
Get That Bigfoot Outa My Face!
70.3%
44
Out To Launch
70.3%
48
The Lake Nose Monster
70%
56
Chez Platypus
70%
64
Oh, There You Are Perry
70%
47
Unfair Science Fair Redux
69.7%
75
Isabella And The Temple Of Sap
69.7%
54
Elementary, My Dear Stacy
69.3%
9
Run Away Runway
69%
68
The Baljeatles
69%
12
Jerk De Soleil
68.4%
74
Bubble Boys
68.4%
65
Swiss Family Phineas
68.1%
37
Does This Duckbill Make Me Look Fat?
67.8%
49
Interview With A Platypus
67.8%
60
Thaddeus And Thor
67.8%
13
Are You My Mummy?
67.5%
39
One Good Scare Ought To Do It!
67.5%
59
The Chronicles Of Meap
67.5%
22
Dude, We're Getting The Band Back Together
67.2%
23
Tree To Get Ready
67.2%
34
Got Game?
67.2%
50
Tip Of The Day
67.2%
61
De Plane! De Plane!
67.2%
27
Crack That Whip
66.9%
51
Attack Of The 50 Foot Sister
66.9%
31
A Hard Day's Knight
66.6%
24
The Ballad Of Badbeard
66.3%
42
Out Of Toon
66.3%
112
Candace Gets Busted
66.3%
169
Ferb TV
66.1%
36
Put That Putter Away
65.9%
58
Gaming The System
65.9%
29
Boyfriend From 27,000 B.C.
65.6%
38
The Flying Fishmonger
65.6%
Episode #
Name
% Correct
83
Atlantis
65.3%
115
Run, Candace, Run
65.3%
166
Doofapus
65.3%
66
Hide And Seek
65%
84
Phineas And Ferb Christmas Vacation!
65%
93
Not Phineas And Ferb
65%
63
At The Car Wash
64.7%
100
Phineas And Ferb Hawaiian Vacation
64.7%
26
Leave The Busting To Us!
64.4%
55
Don't Even Blink
64.4%
35
Comet Kermillian
64.1%
57
Perry Lays An Egg
64.1%
62
Let's Take A Quiz
64.1%
141
Tri-Stone Area
64.1%
143
Excaliferb
64.1%
168
Where's Perry?
64.1%
16
Toy To The World
63.8%
77
Fireside Girl Jamboree
63.8%
88
Suddenly Suzy
63.5%
91
Invasion Of The Ferb Snatchers
63.5%
97
The Beak
63.5%
96
Robot Rodeo
63.5%
28
The Best Lazy Day Ever
63.2%
41
Oil On Candace
63.2%
113
The Great Indoors
63.2%
67
That Sinking Feeling
62.8%
69
Vanessassary Roughness
62.5%
30
Voyage To The Bottom Of Buford
62.2%
53
Day Of The Living Gelatin
62.2%
94
Phineas And Ferb-Busters!
62.2%
99
The Lemonade Stand
62.2%
109
Brain Drain
62.2%
119
Moon Farm
62.2%
139
Ferb Latin
61.9%
167
Norm Unleashed
61.9%
32
Traffic Cam Caper
61.6%
82
What Do It Do?
61.6%
92
Ain't No Kiddie Ride
61.6%
98
She's The Mayor
61.6%
70
No More Bunny Business
61%
89
Undercover Carl
61%
114
Canderemy
61%
71
Spa Day
60.7%
80
Picture This
60.7%
52
Backyard Aquarium
60.4%
78
The Bully Code
60.1%
95
The Lizard Whisperer
60.1%
111
Make Play
60.1%
120
Ask A Foolish Question
60.1%
126
Phineas And Ferb Interrupted
60.1%
144
Phineas And Ferb And The Temple Of Juatchadoon
60.1%
130
Across The Second Dimension
60.1%
33
Bowl-R-Ama Drama
59.8%
81
Nerdy Dancin'
59.8%
133
My Fair Goalie
59.8%
102
Nerds Of A Feather
59.4%
103
Wizard Of Odd
59.4%
Episode #
Name
% Correct
116
Last Train To Bustville
59.4%
142
Doof Dynasty
59.4%
108
Split Personality
59.1%
122
Candace Disconnected
59.1%
151
Bully Bromance Breakup
59.1%
76
Cheer Up Candace
58.8%
131
Tour De Ferb
58.8%
86
Candace's Big Day
58.5%
72
Phineas And Ferb's Quantum Boogaloo
58.2%
105
Ladies And Gentlemen, Meet Max Modem!
57.9%
132
Skiddley Whiffers
57.9%
90
Hip Hip Parade
57.6%
104
We Call It Maze
57.6%
107
The Doof Side Of The Moon
57.3%
128
Mommy Can You Hear Me?
57.3%
129
Road Trip
57%
79
Finding Mary McGuffin
56%
85
Just Passing Through
55.7%
40
The Monster Of Phineas-n-Ferbenstein
55.4%
160
Minor Monogram
55.4%
87
I Was A Middle Aged Robot
54.5%
106
The Secret Of Success
54.2%
149
Perry The Actorpus
54.2%
154
Meapless In Seattle
54.2%
118
The Belly Of The Beast
53.3%
138
Lotsa Latkes
52.9%
163
Sci-Fi Pie Fly
52.9%
117
Phineas' Birthday Clip-O-Rama!
52.6%
140
A Phineas And Ferb Family Christmas
52.6%
155
Delivery Of Destiny
52.6%
147
The Remains Of The Platypus
52.3%
127
A Real Boy
51.7%
146
Gi-Ants
51.7%
156
Buford Confidential
51.7%
157
The Mom Attractor
51.7%
123
Magic Carpet Ride
50.8%
159
Agent Doof
50.5%
135
That's The Spirit!
50.2%
121
Mispercieved Monotreme
49.8%
125
Meatloaf Surprise
49.8%
134
Bullseye!
49.8%
124
Bad Hair Day
48.3%
164
Sipping With The Enemy
47.7%
136
The Curse Of Candace
47.1%
161
What A Croc!
46.4%
137
Escape From Phineas Tower
44.3%
153
The Doonkelberry Imperative
44%
162
Sleepwalk Surprise
44%
73
Phineas And Ferb Musical Cliptastic Countdown
43.3%
145
Monster From The Id
42.4%
150
Let's Bounce
42.4%
148
Mom's In The House
42.1%
152
Quietest Day Ever
41.8%
165
Tri-State Treasure: Boot Of Secrets
40.9%
158
Cranius Maximus
36.5%
Quiz Playlist
Details
Report
Send in Message
Add To Playlist
Classic:
Type in answers that appear in a list
Last Updated: Feb 16, 2017
Quiz Scoreboard
CHALLENGE
Sign Up to Join the Scoreboard
Show All
Scores
Hide
Comments
May contain spoilers
Recently Published
1-10 Letter E Words III
by El_Dandy
Language
2m
Street Fighter Characters
by Artimus82
Gaming
60s
College Basketball Coaching Resumes
by pancakes188
Sports
9m
More to Explore
Quiz From the Vault
Featured Blog Post
Where Did the Easter Bunny Come From?
hide this ad
You Might Also Like...
Tags
episode
Ferb
phineas
Today's Top Quizzes in Entertainment
Browse Entertainment
hide this ad
Today's Top Quizzes in Ferb
Browse Ferb
Top Contributed Quizzes in Entertainment
1
7-to-1: DC Comics Villains
2
Marvel Characters Bunker
3
Dragon Ball Z: Goku's Fights in Order
4
Eurovision 2023 Logic Puzzle
5
Sorting Pictures: Villains
6
Criteria Quickie: Cartoon Taxonomy II
7
7-to-1: One Piece
8
One Piece Characters Order of Appearance
9
Mini Trivia Sudoku: Musicals
10
Kamen Rider Motifs
Explore More
Trending Topics
Marvel
Disney
Anime
Harry Potter
Crossword
Kpop
NBA
Song
NFL
Country
The Office
WWE
Pokémon
Puzzle
Soccer
hide this ad
More By:
GoMarquette
Quiz
Plays
Rating
Category
Featured
Created
1-100 Reversed!
1,771
3.40
Just For Fun
Dec 15, 2012
Lemony Snicket Alliteration Acronyms
786
4.00
Literature
Aug 3, 2012
Phineas and Ferb Episodes
323
5.00
Entertainment
Aug 1, 2012
Lyrics of 'Please Come Home For Christmas
229
2.75
Music
Dec 18, 2012
Wildcats of the NCAA
167
4.40
Sports
Mar 19, 2012
Go to Creator's Profile
Score Distribution
Quiz Creator Spotlight
GoMarquette
Follow
Send a Message
Quizzes Created
-
Created Quiz Play Count
-
More By This Creator
Popular Quizzes Today
1
Find the US States - No Outlines Minefield
2
Find the Countries of Europe - No Outlines Minefield
3
The Countries of the World
4
Find the US States
5
Risky Map Clicking: Biggest States A-Z
6
US States
7
Popular People in 1961
8
Movies - When Are They Set?
More Entertainment Quizzes
Celebrity Siblings III
Published
Trending Quizzes
Risky Map Clicking: Least Populous States A-Z
1-10 Letter G Words
1-10 Letter F Words
Countries of the World: 200 Million BC
Risky Map Clicking: Next State Alphabetically
Recently Updated
Beyoncé Albums
pecheneg
Leaping Animals
pecheneg
Reality TV Shows (A-Z)
bhenderson79
Rickey Henderson's Hall of Fame Teammates
pecheneg
Champions League XIs: Arsenal
pecheneg
Quick Pick: Celebrities in WWE's Hall of Fame
aduchscher
A-Z Keypad Blitz II
pecheneg
Multiple Oscar Actors
pecheneg
Mystery Phrase Blitz: Oscar 'Best Actors'
pecheneg
F. Scott Fitzgerald Novels
LTH
Trending Topics
Harry Potter
Disney
Kpop
NBA
Anime
Crossword
Marvel
WWE
Pokémon
The Office
NFL
Soccer
Song
Country
Puzzle
Your Account Isn't Verified!
In order to create a playlist on Sporcle, you need to verify the email address you used during registration. Go to your
Sporcle Settings
to finish the process.
Report this User
Report this user for behavior that violates our
Community Guidelines
.
Details:
Send Report
Go to the Sporcle.com Mobile Site →
Comments